| 000 | 02696nam0a2200397 4500 | ||
|---|---|---|---|
| 001 | RU\NLR\BIBL_A\011856106 | ||
| 005 | 20260407115708.0 | ||
| 035 | _a(NLR Aleph) 011856106 | ||
| 090 |
_a12126522 _c12126522 |
||
| 100 | _a20181106d1897 |||y0rusy50 ca | ||
| 101 | 0 | _arus | |
| 102 | _aRU | ||
| 105 | _ay z 000 y | ||
| 200 | 1 |
_aО дополнении правил о вычетах при увеличении содержания состоящим на государственной службе лицам _eпредставление по сему делу разослано Членам Государственного Совета, в печатных экземплярах _fГосударственный Совет в Соединенных департаментах Государственной экономии и законов. Министерство финансов. 30 января 1897 года. № 39 |
|
| 210 |
_a[Санкт-Петербург _cб. и.] _d1897 |
||
| 215 |
_a2 с. _d33 |
||
| 300 | _aВ конце текста: Подписали: Д. Сольский, М. Каханов, В. Маркус [и др.]; Скрепил: Статс-секретарь Г. Шамшин | ||
| 300 | _aНа 1-й с.: CLIV | ||
| 309 | _aБез тит. л. и обл. | ||
| 601 | 0 | 0 |
_aРоссия _bДепартамент государственной экономии _92388205 _3RU\NLR\AUTH\6601644949 |
| 606 | 1 |
_aФинансы _xИстория _yРоссия _91256568 _3RU\NLR\AUTH\66515235 |
|
| 686 | 1 | _aУ03(2)5-212.11 | |
| 686 | 1 | _aУ26(28) | |
| 702 | 1 |
_4720 _8rus _7ca _aСольский _bД. М. _cгос. деятель _f1833-1910 _gДмитрий Мартынович _3RU\NLR\AUTH\7783181 _966109 |
|
| 702 | 1 |
_4720 _7ca _8rus _aКаханов _bМ. С. _f1833-1900 _gМихаил Семёнович _9197457 _3RU\NLR\AUTH\770197508 |
|
| 702 | 1 |
_4720 _7ca _8rus _aМаркус _bВ. М. _f1826-1901 _gВладимир Михайлович _9197462 _3RU\NLR\AUTH\770197513 |
|
| 702 | 1 |
_4720 _aШамшин _bГ. И. _cгос. деятель _f1853-1918 _gГригорий Иванович _9197513 _3RU\NLR\AUTH\770197564 |
|
| 710 | 0 | 1 |
_aРоссия _bМинистерство финансов _3RU\NLR\AUTH\889947360 _9390360 |
| 711 | 0 | 1 |
_aРоссия _bГосударственный совет _3RU\NLR\AUTH\889948587 _9392796 |
| 712 | 0 | 1 |
_4570 _aРоссия _bСоединенные департаменты государственной экономии и законов _9636856 _3RU\NLR\AUTH\880488203 |
| 852 |
_aNLR _j135/294-310 (28) |
||
| 942 | _cBOOK | ||
| 980 | _aNB | ||